<?xml version="1.0" encoding="UTF-8"?>
<marc:record xmlns:marc="http://www.loc.gov/MARC21/slim">
   <marc:leader>00000nam a2200000 a 4500</marc:leader>
   <marc:datafield ind1=" " ind2=" " tag="653">
      <marc:subfield code="a">Amerikan.</marc:subfield>
   </marc:datafield>
   <marc:datafield ind1=" " ind2=" " tag="653">
      <marc:subfield code="a">DVDJ</marc:subfield>
   </marc:datafield>
   <marc:datafield ind1=" " ind2=" " tag="653">
      <marc:subfield code="a">Film</marc:subfield>
   </marc:datafield>
   <marc:datafield ind1=" " ind2=" " tag="653">
      <marc:subfield code="a">Video</marc:subfield>
   </marc:datafield>
   <marc:datafield ind1="0" ind2="0" tag="245">
      <marc:subfield code="a">Mary Poppins Rückkehr</marc:subfield>
   </marc:datafield>
   <marc:datafield ind1="1" ind2=" " tag="520">
      <marc:subfield code="a">"Unsere Kinheitsheldin schenkt uns Hoffnung, eine kleine Auszeit von der Realität und jede Menge Warmherzigkeit." - gofeminin.de&#xD;
&#xD;
Michael Banks ist inzwischen erwachsen geworden und lebt mit seinen mittlerweile drei Kindern noch immer im Kirschbaumewg 17. Mary Poppins tritt auf magische Weise wieder in das Leben der Familie, als diese einen persönlichen Verlust erleidet. Mit Hilfe ihres Freundes Jack kann sie die Freude und das Staunen zurück in das Zuhause der Familie Banks bringen.&#xD;
&#xD;
Das 4-fach Oscar(R)-nominierte Familienabenteuer (u.a. "Beste Filmmusik") schafft es mühelos, Jung und Alt zu verzaubern. [vom Klappentext]</marc:subfield>
   </marc:datafield>
   <marc:datafield ind1=" " ind2=" " tag="338">
      <marc:subfield code="a">Videodisk</marc:subfield>
   </marc:datafield>
</marc:record>
